| 000 -LEADER |
| fixed length control field |
00637nam a22001817a 4500 |
| 008 - FIXED-LENGTH DATA ELEMENTS--GENERAL INFORMATION |
| fixed length control field |
131104b xxu||||| |||| 00| 0 eng d |
| 020 ## - INTERNATIONAL STANDARD BOOK NUMBER |
| International Standard Book Number |
9789951635004 |
| 041 0# - LANGUAGE CODE |
| Language code of text/sound track or separate title |
alb |
| 080 ## - UNIVERSAL DECIMAL CLASSIFICATION NUMBER |
| Universal Decimal Classification number |
330.34 |
| 100 ## - Rafti |
| Rafti |
Shala, Arif |
| 245 10 - TITLE STATEMENT |
| Title |
Shëndrrimi i rritjes ekonomike në zhvillim / |
| Statement of responsibility, etc |
Shala, Arif. |
| 260 ## - |
| -- |
Prishtinë : |
| -- |
Biblioteka Kombëtare dhe Universitare e Kosovës ; |
| -- |
2012 |
| 300 ## - |
| -- |
208 f. : |
| -- |
me il. ; |
| -- |
21 cm. |
| 500 ## - |
| -- |
Parathënie : f. 5 - 6 |
| 505 ## - |
| -- |
Referencat / Literatura : f. 191 - 200 |
| 650 #0 - |
| -- |
Ekonomia e zhvillimit |
| 942 ## - ADDED ENTRY ELEMENTS (KOHA) |
| Source of classification or shelving scheme |
|
| Item type |
Books |